[Event "HCL-C213"]
[Site "www.playchess.de"]
[Date "2001.03.17"]
[Round "17"]
[White "Coney"]
[Black "fossa"]
[WhiteElo "1087"]
[BlackElo "837"]
[PlyCount "43"]
[Result "1-0"]

1.d4 e6 2.e4 c5 3.d5 Qf6 4.Nf3 Ne7 5.e5 Qf5 6.d6 
Ng6 7.Bd3 Qg4 8.O-O Nh4 9.Nxh4 Qxh4 10.Re1 Qd4 
11.Re4 Qd5 12.Nc3 Qc6 13.Bb5 Qb6 14.a4 a6 15.a5 
Qd8 16.Bd3 Nc6 17.Qh5 b5 18.axb6 Qxb6 19.Rf4 g6 
20.Qg5 h6 21.Qf6 Rh7 22.Bxg6 1-0

[Event "HCL-C232"]
[Site "www.playchess.de"]
[Date "2001.03.17"]
[Round "3"]
[White "suez"]
[Black "Michael2001"]
[WhiteElo "1401"]
[BlackElo "1000"]
[PlyCount "37"]
[Result "1-0"]

1.e4 {Welcome!}  e5 2.Nf3 Nc6 3.d4 d6 4.dxe5 dxe5 
5.Qxd8+ Kxd8 6.Bb5 f6 7.Bxc6 bxc6 8.Be3 {We're 
back at it again!}  Bb4+ 9.Nbd2 Ne7 10.O-O-O Ke8 
11.c3 Bd6 12.Nc4 Be6 13.Nxd6+ cxd6 14.Rxd6 Bxa2 
15.Bc5 Bb3 16.Nd2 Ba4 17.Re6 Kd8 18.Rxe7 g5 
19.Nc4 1-0

[Event "HCL-C232"]
[Site "www.playchess.de"]
[Date "2001.03.17"]
[Round "8"]
[White "suez"]
[Black "morphy"]
[WhiteElo "1401"]
[BlackElo "1000"]
[PlyCount "71"]
[Result "1-0"]

1.e4 c5 2.Nf3 d6 3.d4 cxd4 4.Nxd4 {How are you?}  
Nf6 {I am fine.  Howabout you?}  5.Nc3 {I am fine. 
 Great name you have.  Get kidded a lot?}  a6 
{Yeah.  Goes with the name.  Guess I was destined 
to play chess lol.}  6.Bc4 {Are you as good as 
your namesake?}  e6 {I wish!  I have studied his 
games out of nothing but sheer curiosity.}  7.Bb3 
{His life and games are indeed compelling.  I too 
have studied his games a lot.}  b5 {Indeed.  What 
a tragedy and what a waste.}  8.O-O Bb7 {Well, we 
are back.}  9.Re1 {Yes!  Now where were we?}  Nbd7 
10.Bg5 {What do you think of Bobby Fischer's 
chess?  Just his chess, please.}  h6 {He was most 
likely the Greatest player ever.  What a talent, 
book smart and tactical wizard.}  11.Bxf6 {I 
agree.  That he was.  What a memory as well!}  
Nxf6 {Indeed!  I wish I had just a small part of 
his talent :)}  12.Qd3 {Me too!  Wouldn't that be 
great?  He sure worked hard though.}  Nd7 {That 
was a big reason why he was so successful.  He 
worked harder to improve.}  13.Qh3 {True and a 189 
IQ didn't hurt either---lol!}  Nc5 {No kidding  
lol}  14.Bd5 Qc7 {Nice move Joe...a winner!?}  
15.Bxb7 {Thanks.  Winner?.......too soon, way too 
soon.}  Qxb7 {Good plan anyway.}  16.b4 {Thanks}  
Nd7 {I feel that you are up to no good!}  17.Nxe6 
{A test of nerves!!}  fxe6 {Really left me some 
choice.}  18.Qxe6+ {Sorry.......:o}  Be7 19.Nd5 
{Yeah, I am a naughty b}  Nf8 {My only move.}  
20.Qg4 {What a save!!!}  Qd7 {Whew!!!}  21.Qxg7 
{Oh,  too bad after such a great save!}  Rh7 {Not 
dead yet.}  22.Qd4 {Yep.  My last move was a 
mistake.}  Rc8 23.Nb6 Qa7 24.Rad1 Rc6 {What a 
game.}  25.Nd5 {No kidding!}  Bd8 26.Qxa7 {Paul, 
did you forget about your Queen?}  Rxa7 {no.}  
27.e5 {I think I need my eyes checked.}  Rxc2 
28.exd6+ Kd7 29.Nb6+ Bxb6 {One mind bender after 
another!}  30.Re7+ {Absolutely!}  Kc8 31.Re8+ Kd7 
32.Rxf8 Rc6 33.Rf7+ Ke6 34.Rxa7 Bxa7 {This game is 
over :(}  35.d7 Rd6 36.Rxd6+ {sorry} 
 1-0

[Event "HCL-C085"]
[Site "www.playchess.de"]
[Date "2001.03.17"]
[Round "2"]
[White "Petra"]
[Black "ksadler"]
[WhiteElo "1242"]
[BlackElo "699"]
[PlyCount "27"]
[Result "1-0"]

1.e4 e5 2.Nf3 Nc6 3.Bb5 Nf6 4.d4 exd4 5.Nxd4 Bc5 
6.c3 O-O 7.O-O Nxe4 8.Nd2 Nxd2 9.Bxd2 Bxd4 10.cxd4 
Nxd4 11.Bc3 a6 12.Bc4 Nf5 13.Qg4 Nh6 
14.Qxg7+ 1-0

[Event "HCL-C085"]
[Site "www.playchess.de"]
[Date "2001.03.17"]
[Round "8"]
[White "Flay"]
[Black "juszuf"]
[WhiteElo "1000"]
[BlackElo "1000"]
[PlyCount "61"]
[Result "1-0"]

1.e4 Nc6 2.d4 Nf6 3.Nc3 b6 4.e5 Nd5 5.Nxd5 g6 
6.Bg5 d6 7.Nf6+ exf6 8.Bxf6 Be7 9.Bxh8 Nxd4 
10.Qxd4 c5 11.Qd5 Be6 12.Qc6+ Bd7 13.Qb7 dxe5 
14.O-O-O Bg5+ 15.Kb1 Qc8 16.Rxd7 Qxd7 17.Qxd7+ 
Kxd7 18.Bxe5 Kc6 19.Nf3 Rd8 20.Bb5+ Kxb5 21.Nxg5 
c4 22.Nxf7 Rd5 23.Kc1 c3 24.Bxc3 Rc5 25.Ne5 a5 
26.Rd1 a4 27.Rd7 a3 28.Rxh7 axb2+ 29.Bxb2 Rc8 
30.Nxg6 Ra8 31.Kb1 1-0

[Event "HCL-B122"]
[Site "www.playchess.de"]
[Date "2001.03.17"]
[Round "5"]
[White "Gruhni"]
[Black "nadavies_uk"]
[WhiteElo "1404"]
[BlackElo "1396"]
[PlyCount "29"]
[Result "1-0"]

1.e4 c5 2.Nf3 d6 3.Nc3 e5 4.Bc4 Nh6 5.d3 g5 6.Bxg5 
f6 7.Nxe5 dxe5 8.Qh5+ Kd7 9.Bxh6 Nc6 10.Nd5 Nd4 
11.O-O-O Be7 12.c3 b5 13.cxd4 bxc4 14.dxe5 Qa5 
15.dxc4 1-0

[Event "HCL-B122"]
[Site "www.playchess.de"]
[Date "2001.03.17"]
[Round "10"]
[White "Gruhni"]
[Black "Jeff_Foster"]
[WhiteElo "1404"]
[BlackElo "1231"]
[PlyCount "36"]
[Result "0-1"]

1.e4 e5 2.Nf3 Nc6 3.Bc4 Nf6 4.d3 Be7 5.Nc3 O-O 
6.Nd5 Nxd5 7.Bxd5 d6 8.h3 Be6 9.Bxc6 bxc6 10.Be3 
f5 11.exf5 Bxf5 12.Qd2 Qe8 13.Bg5 e4 14.Nd4 Bxg5 
15.Qxg5 exd3+ 16.Kd2 c5 17.Nxf5 Qe2+ 18.Kc3 
Qxc2+ 0-1

[Event "HCL-B122"]
[Site "www.playchess.de"]
[Date "2001.03.17"]
[Round "34"]
[White "BOB"]
[Black "millingen"]
[WhiteElo "1500"]
[BlackElo "1070"]
[PlyCount "37"]
[Result "1-0"]

1.d4 d5 2.c4 c6 3.Nc3 Nf6 4.Nf3 a6 5.cxd5 cxd5 
6.Bf4 Nc6 7.Rc1 Ne4 8.e3 Nxc3 9.bxc3 Bf5 10.Qb3 b5 
11.Be2 e6 12.O-O Be7 13.a4 O-O 14.axb5 axb5 
15.Qxb5 Qc8 16.Rca1 Ra3 17.Rxa3 Bxa3 18.Ra1 Be7 
19.Ra6 1-0

[Event "HCL-C083"]
[Site "www.playchess.de"]
[Date "2001.03.17"]
[Round "23"]
[White "Holger"]
[Black "Yogesh"]
[WhiteElo "1000"]
[BlackElo "1072"]
[PlyCount "33"]
[Result "1-0"]

1.e4 e5 2.Nf3 Nf6 3.Nc3 d6 4.Bc4 c6 5.O-O Bg4 6.h3 
Bxh3 7.gxh3 Nxe4 8.Nxe4 d5 9.Qe2 dxe4 10.Qxe4 f6 
11.d4 Bd6 12.dxe5 Nd7 13.exd6+ Kf8 14.Nd4 Nc5 
15.Ne6+ Nxe6 16.Qxe6 b5 17.Qf7+ 1-0

[Event "HCL-C083"]
[Site "www.playchess.de"]
[Date "2001.03.17"]
[Round "36"]
[White "Holger"]
[Black "Buzzard"]
[WhiteElo "1000"]
[BlackElo "946"]
[PlyCount "43"]
[Result "1-0"]

1.e4 e5 2.Nc3 Nf6 3.d4 d6 4.dxe5 dxe5 5.Qxd8+ Kxd8 
6.Be3 Nc6 7.O-O-O+ Bd6 8.Bc5 Bg4 9.f3 Bh5 10.Bxd6 
Kd7 11.Bxe5+ Ke7 12.Bxc7 Rac8 13.Bd6+ Ke6 14.Bc5 
Nb4 15.Bxb4 a5 16.Bxa5 Rca8 17.Bc4+ Ke7 18.Bb4+ 
Ke8 19.Bb5+ Nd7 20.Rxd7 Rd8 21.Rxb7+ Rd7 
22.Rb8+ 1-0

[Event "HCL-A054"]
[Site "www.playchess.de"]
[Date "2001.03.18"]
[Round "10"]
[White "raghavendrakarthik"]
[Black "schlueter"]
[WhiteElo "1548"]
[BlackElo "1492"]
[PlyCount "38"]
[Result "0-1"]

1.e4 e5 2.Nf3 Nc6 3.Bb5 Nd4 4.Nxd4 exd4 5.O-O c6 
6.Ba4 Bc5 7.c4 d6 8.d3 Nf6 9.Bg5 O-O 10.Qf3 Bd7 
11.Bxf6 Qxf6 12.Qxf6 gxf6 13.Bd1 f5 14.Nd2 a6 
15.Bh5 Kg7 16.f4 Rfg8 17.Rf3 Kf6 18.Nb3 Bb6 19.Re1 
Rae8 0-1

[Event "HCL-A059"]
[Site "www.playchess.de"]
[Date "2001.03.18"]
[Round "6"]
[White "BENEVOLENTONE"]
[Black "Pupser"]
[WhiteElo "1080"]
[BlackElo "1700"]
[PlyCount "66"]
[Result "0-1"]

1.d4 e6 2.c4 Nf6 3.c5 b6 4.b4 a5 5.Bd2 axb4 6.Bxb4 
Na6 7.Ba3 bxc5 8.dxc5 Nxc5 9.e3 c6 10.Bxc5 Bxc5 
11.a3 Bb4+ 12.Nd2 Bc3 13.Ra2 Ne4 14.Ngf3 Bxd2+ 
15.Nxd2 Nc3 16.Qa1 Nxa2 17.Qxg7 Rf8 18.Bc4 Rxa3 
19.O-O d5 20.Be2 Nc3 21.Bh5 c5 22.f4 Qb6 23.f5 
exf5 24.Qe5+ Qe6 25.Rxf5 Qxe5 26.Rxe5+ Kd7 27.Nf1 
Kd6 28.Rg5 Ne4 29.Rg7 Ba6 30.g4 Ra1 31.Rxh7 Rxf1+ 
32.Kg2 Rf2+ 33.Kh3 Bf1+ 0-1

[Event "HCL-A064"]
[Site "www.playchess.de"]
[Date "2001.03.18"]
[Round "17"]
[White "Brrrr"]
[Black "tim_danieli"]
[WhiteElo "1796"]
[BlackElo "1761"]
[PlyCount "39"]
[Result "1-0"]

1.d4 e6 {let's have a good game!}  2.c4 {You bet. 
A good game = no French Defence :-)}  f5 {dutch?}  
3.Nc3 {Fine. I would have preferred the Leningrad 
variation, but Classical is OK.}  Nf6 4.g3 {Yes, 
the Leningrad variation is 1.d4 f5 2.g3 followed 
by Bg2.}  Be7 5.Bg2 O-O 6.Nf3 d5 7.cxd5 exd5 8.O-O 
Ne4 9.Ne5 c6 10.Qb3 Kh8 11.Nxe4 fxe4 12.f3 exf3 
13.Rxf3 Bf6 14.Bf4 Nd7 15.Raf1 Nxe5 16.Bxe5 Bg4 
17.R3xf6 gxf6 18.Rxf6 Rxf6 19.Qxb7 Rc8 
20.Qf7 1-0

[Event "HCL-B106"]
[Site "www.playchess.de"]
[Date "2001.03.18"]
[Round "21"]
[White "Hubble"]
[Black "Matu"]
[WhiteElo "1659"]
[BlackElo "1257"]
[PlyCount "85"]
[Result "1/2-1/2"]

1.d4 Nf6 2.c4 e6 3.Nf3 Bb4+ 4.Bd2 Be7 5.Nc3 d5 
6.e3 O-O 7.Be2 dxc4 8.Bxc4 b6 9.O-O Bb7 10.a3 Nbd7 
11.Qe2 Ne4 12.Qd3 Ndf6 13.Ne5 Nxd2 14.Qxd2 Bd6 
15.f4 Bxe5 16.fxe5 Ne4 17.Nxe4 Bxe4 18.Rf4 Bb7 
19.Raf1 c5 20.Bxe6 Bd5 21.Bxd5 Qxd5 22.Qf2 cxd4 
23.exd4 Rad8 24.Qg3 Qe6 25.Rg4 g6 26.Qh4 Kg7 
27.Rgf4 Rd7 28.R4f3 Rc7 29.Rh3 h5 30.Rg3 Rc4 31.b3 
Rc6 32.Qxh5 Rc3 33.Qh3 Qxh3 34.Rxh3 Rxh3 35.gxh3 
Rc8 36.Rf3 Rc1+ 37.Kg2 Rd1 38.Re3 Rxd4 39.Kg3 a5 
40.a4 Kf8 41.h4 Ke7 42.h3 Ke6 43.Rf3 1/2-1/2

[Event "HCL-B134"]
[Site "www.playchess.de"]
[Date "2001.03.18"]
[Round "13"]
[White "BuckNaked"]
[Black "gigabyte"]
[WhiteElo "1422"]
[BlackElo "1200"]
[PlyCount "63"]
[Result "1-0"]

1.d4 Nf6 2.c4 d5 3.cxd5 Nxd5 4.e4 Nf6 5.e5 Nd5 
6.Nf3 Bg4 7.Qb3 Nc6 8.Qxb7 Na5 9.Bb5+ c6 10.Bxc6+ 
Nxc6 11.Qxc6+ Bd7 12.Qxd5 e6 13.Qb7 Rc8 14.Nc3 Rc7 
15.Qb3 f6 16.O-O fxe5 17.Re1 exd4 18.Nxd4 Bd6 
19.Nxe6 Bxe6 20.Rxe6+ Kf8 21.Rxd6 Qxd6 22.Qb8+ Kf7 
23.Qxh8 Rxc3 24.Bh6 Rd3 25.Qxg7+ Ke8 26.Re1+ Kd8 
27.Bg5+ Kc8 28.Rc1+ Kb8 29.Bf4 Qxf4 30.Qg8+ Kb7 
31.Qc8+ Kb6 32.Rc6+ 1-0

[Event "HCL-B134"]
[Site "www.playchess.de"]
[Date "2001.03.18"]
[Round "18"]
[White "costajr"]
[Black "BuckNaked"]
[WhiteElo "1413"]
[BlackElo "1422"]
[PlyCount "20"]
[Result "0-1"]

1.e4 c5 2.Nf3 e6 3.d4 cxd4 4.Nxd4 Nf6 5.Nc3 d6 
6.Bg5 Be7 7.Be2 O-O 8.f4 e5 9.Ndb5 a6 10.Bxf6 
Bxf6 0-1

[Event "HCL-C110"]
[Site "www.playchess.de"]
[Date "2001.03.18"]
[Round "2"]
[White "kz2kz"]
[Black "hun"]
[WhiteElo "1000"]
[BlackElo "1802"]
[PlyCount "55"]
[Result "1-0"]

1.d4 d5 2.c4 dxc4 3.e4 b5 4.a4 Bb7 5.axb5 Bxe4 
6.Nc3 Bd5 7.Qa4 Bb7 8.b6+ Nc6 9.bxc7 Qxd4 10.Be3 
Qd7 11.Nf3 Qxc7 12.Bxc4 a6 13.Nd5 Qd6 14.Bf4 e5 
15.Nxe5 Nf6 16.O-O-O Nxd5 17.Bxd5 O-O-O 18.Bxc6 
Qc5+ 19.Kb1 Rxd1+ 20.Rxd1 Bxc6 21.Nxc6 Qf5+ 22.Ka1 
Kb7 23.Nd8+ Ka7 24.Rd7+ Qxd7 25.Qxd7+ Kb6 26.Qc6+ 
Ka5 27.Bd2+ {& mate by next move (...Bb4 Nb7#).}  
Bb4 28.Nb7+ 1-0

[Event "HCL-C133"]
[Site "www.playchess.de"]
[Date "2001.03.18"]
[Round "14"]
[White "waxneedles"]
[Black "Edik"]
[WhiteElo "815"]
[BlackElo "1000"]
[PlyCount "36"]
[Result "0-1"]

1.e4 c6 2.d4 d5 3.Nc3 dxe4 4.Nxe4 Bf5 5.Ng3 Bg6 
6.Nf3 Nd7 7.Bd3 Bxd3 8.Qxd3 Qc7 9.O-O e6 10.Re1 
O-O-O 11.Ng5 Ndf6 12.Nxf7 Qxf7 13.Bg5 h6 14.Be3 
Nd5 15.Bd2 Ngf6 16.Ba5 Re8 17.Ne4 Nxe4 18.Rxe4 
Nb4 0-1

[Event "HCL-E017"]
[Site "www.playchess.de"]
[Date "2001.03.18"]
[Round "9"]
[White "lubos"]
[Black "Brrrr"]
[WhiteElo "1920"]
[BlackElo "1806"]
[PlyCount "85"]
[Result "1-0"]

1.e4 c5 2.Nf3 Nc6 3.d4 cxd4 4.Nxd4 Nf6 {Welcome 
back!}  5.Nxc6 {thx, good luck again !}  bxc6 
6.Bd3 e5 7.O-O Bc5 8.Nc3 O-O 9.Bg5 Rb8 10.Na4 Be7 
11.f4 d6 12.f5 d5 13.Bxf6 Bxf6 14.c3 Qc7 15.Qc2 
Rd8 16.Rad1 dxe4 17.Bxe4 Ba6 18.Rfe1 Bh4 19.g3 Bf6 
20.Nc5 Bc4 21.b3 Be7 22.Nd3 Bxd3 23.Bxd3 Bf6 
24.Be4 Rbc8 25.h4 Rxd1 26.Rxd1 c5 27.Kg2 a6 28.Kh3 
c4 29.b4 a5 30.b5 Qc5 31.a4 Qe7 32.b6 Rb8 33.b7 
Rxb7 34.Bxb7 Qxb7 35.Rb1 Qc8 36.Qe4 g6 37.g4 h5 
38.fxg6 Qxg4+ 39.Qxg4 hxg4+ 40.Kxg4 fxg6 41.Rb5 e4 
42.Rxa5 Bxc3 43.Rc5 1-0

[Event "HCL-E018"]
[Site "www.playchess.de"]
[Date "2001.03.18"]
[Round "12"]
[White "FD515"]
[Black "lubos"]
[WhiteElo "1978"]
[BlackElo "1920"]
[PlyCount "96"]
[Result "1/2-1/2"]

1.e4 e5 2.Nf3 Nc6 3.Bc4 Bc5 4.Nc3 Nf6 5.d3 d6 
6.Na4 Bb6 7.Nxb6 axb6 8.a3 Bg4 9.h3 Be6 10.Bxe6 
fxe6 11.O-O O-O 12.Ng5 Qe7 13.c3 h6 14.Nf3 Nh5 
15.b4 Qf6 16.a4 Nf4 17.Bxf4 Qxf4 18.Qd2 Qf6 19.Qe3 
Qg6 20.b5 Ne7 21.d4 Rf4 22.Nd2 Qh5 23.Nc4 Ng6 
24.dxe5 d5 25.Nd2 Raf8 26.exd5 exd5 27.e6 R4f6 
28.f4 Qh4 29.Kh2 Nxf4 30.e7 Re8 31.Nf3 Qh5 32.Rae1 
Rf7 33.Qd4 Qg6 34.g3 Nh5 35.g4 Qd6+ 36.Qe5 Qxe5+ 
37.Rxe5 Nf6 38.Rfe1 Nxg4+ 39.hxg4 Rxf3 40.Rxd5 
Rxc3 41.Rd7 Kf7 42.Re4 g6 {We can to play a few 
moves}  43.Kg2 h5 44.gxh5 gxh5 45.Kf2 h4 46.Rxh4 
Ke6 47.Rdd4 Rc2+ 48.Kf3 Kxe7 1/2-1/2

[Event "ACL-A062"]
[Site "www.playchess.de"]
[Date "2001.03.18"]
[Round "4"]
[White "aldo"]
[Black "ictus"]
[WhiteElo "1500"]
[BlackElo "1500"]
[PlyCount "57"]
[Result "1-0"]

1.d4 e6 2.c4 Nf6 3.Nf3 b6 4.a3 Bb7 5.Nc3 Be7 6.e3 
O-O 7.Bd3 c5 8.d5 exd5 9.cxd5 Nxd5 10.Nxd5 Bxd5 
11.Bxh7+ Kxh7 12.Qxd5 Nc6 13.e4 Nd4 14.Nxd4 cxd4 
15.O-O Qc7 16.Qxd4 Bf6 17.Qd3 Kg8 18.Rb1 Be5 19.f4 
Bf6 20.Bd2 Rae8 21.Rbc1 Qb7 22.e5 Bd8 23.Rf3 f6 
24.Rh3 fxe5 25.Qh7+ Kf7 26.fxe5 Rfh8 27.Rf1+ Ke6 
28.Qg6+ Kd5 29.Qd6+ 1-0

[Event "ACL-A071"]
[Site "www.playchess.de"]
[Date "2001.03.18"]
[Round "8"]
[White "gallowglass"]
[Black "supercazzola"]
[WhiteElo "1500"]
[BlackElo "1500"]
[PlyCount "40"]
[Result "1/2-1/2"]

1.e4 c5 2.Nf3 e6 3.d4 cxd4 4.Nxd4 a6 5.Bd3 Nf6 
6.Nc3 Qc7 7.O-O Bc5 8.Nf3 d6 9.Bf4 Nc6 10.Na4 Ba7 
11.c4 Bd7 12.c5 e5 13.cxd6 Qxd6 14.Bg5 O-O 15.Nc3 
Nd4 16.Bxf6 Qxf6 17.Nxd4 Bxd4 18.Nd5 Qd6 19.Qe2 
Bc6 20.Rad1 Bxd5 1/2-1/2

[Event "ACL-A071"]
[Site "www.playchess.de"]
[Date "2001.03.18"]
[Round "9"]
[White "supercazzola"]
[Black "dmitry"]
[WhiteElo "1500"]
[BlackElo "1499"]
[PlyCount "29"]
[Result "1/2-1/2"]

1.d4 Nf6 2.Bg5 e6 3.e4 h6 4.Bxf6 Qxf6 5.Nc3 Bb4 
6.Qd2 d5 7.a3 Ba5 8.e5 Qe7 9.b4 Bb6 10.f4 Bd7 
11.Nf3 Nc6 12.Be2 a6 13.O-O O-O 14.Na2 Rad8 
15.Rfd1 1/2-1/2

[Event "ACL-A076"]
[Site "www.playchess.de"]
[Date "2001.03.18"]
[Round "10"]
[White "roofus"]
[Black "rhonda202"]
[WhiteElo "1500"]
[BlackElo "1500"]
[PlyCount "87"]
[Result "1/2-1/2"]

1.e4 e5 {hey babe here we go again! yahoooooo,, i 
love you. :o)}  2.Nc3 {i love u ive been waiting 
love you}  Nf6 {u r my sunshine my only sunshine u 
make happy everyday, i love u. seeteat,love u :o)} 
 3.Nf3 {i love you brat; you just gonna have to 
get over your alzhiemers ok , :o)}  Nc6 {lmao,, 
huh, alzheimers what is that i can't remember, lol 
i love you ! :0)}  4.d4 {dont you worry about the 
techinal stuff just remember i love you .....:o) 
silly lol}  d5 {ummmmm,, hi what was you name ? 
techinal.. oh ok i thought i forgot,, heheh i love 
you :o)}  5.Bb5 a6 {i love you so very uch, my 
heart is in your hand,, :)}  6.Ba4 {i love you so 
here we go again}  b5 {hehehehehehe,, 
xoxoxoxoxoxoxoxoxo, love u! :)}  7.Bb3 
{xoxoxoxoxoxxoxxoxoxox i love you 
more...bueatiful..}  Na5 {i am so sad! :o(}  
8.exd5 {please dont be sad cause i love you so 
much...xoxoxoxoxxoxoxoxxoxoxoxoxoxoxoxoxoxoxoxoxoxoxoxoxoxoxo} 
 Nxb3 {hehehhhehe,, i love you 
xoxoxoxoxxoxoxxoxoxoxo}  9.axb3 {i love you}  e4 
{i love u}  10.Ng5 Bg4 {u r a chooch  lol, i love 
you ! :o)}  11.f3 {i love your}  exf3 {lol,,, 
your, ummmm ummm, i love you too ! :o)}  12.gxf3 
{i love you so much sweetie... :o)}  Bh5 {heheheh, 
love  2, :)}  13.d6 {i love you}  Qxd6 {i love u! 
seeteat,:->}  14.Qe2+ {i love you more seeteat 
sweetie}  Be7 15.Nce4 {i love you thaks for the 
help...lol  :o)}  Nxe4 {you r a chooch , now i 
really know the meaning. i love u though, lmao 
:->}  16.Qxe4 {brat i love yo}  Rd8 17.Be3 {i   
love   you . always and forever}  Qb4+ {baby, i 
love you and i miss you . xoxoxox. i can't wait to 
hold you! love me  :->}  18.Bd2 {i will always be 
here ,i lve you seeteat}  Rxd4 {i love you so 
much! xoxoxoxoxoo :->}  19.Bxb4 {i love you so 
much you are my whole worldd}  Rxe4+ {you r my 
sunshine my only sunshine u make me happy everyday 
nd i love u:->}  20.fxe4 {i love you}  Bxb4+ {baby 
i love you , can i have a hug and a kiss? , 
xoxoxo}  21.c3 Be7 {hi my babe , sense u did such 
a good job with the kiss and hug, i want more, 
hehehehe}  22.Rg1 {i love you so much if you want 
you can pass some of those hugs and kisses over 
here:o)}  h6 {u r my heart, i love to hug and kiss 
u, now lets have sex! teeeeeeeeheeeee,lol}  23.Nh3 
Bh4+ {:o)}  24.Kd2 Ke7 {i love you, :->}  25.Nf4 
Rd8+ 26.Kc2 Bf3 27.Nd5+ Kf8 28.Rxa6 Bxe4+ 29.Kc1 
Rxd5 30.Ra8+ Ke7 31.Rc8 Bg5+ 32.Rxg5 Kd7 33.Rd8+ 
{i llove you so much:o)}  Kxd8 {u r my heart ! i 
love you}  34.Rxg7 {you are the most inportant 
person in my life and my prayers go with you 
whereever you go , i love yo}  Ke7 {GOD BLESS YOU 
ALWAYS!, I LOVE YOU SO GOOD, :->}  35.Rg4 {i love 
you i want you to know that i understand and will 
pray for strengh and peace i love you :o)}  f5 
{thank you berry much u bring a happy tear to my 
eye and a happy ache in my heart i love you!:->}  
36.Rg7+ {i pray that you will always be happy i 
love you...:o)}  Kf6 {i love you ! :->}  37.c4 {i 
love you more:o)}  Rd3 {i don't think so, brat! i 
love u more.:->}  38.Rxc7 Re3 {love u chooch!}  
39.c5 {i love you and sorry for the stress 
(animals )love you seeteat...:o)}  Re1+ {hi 
seeteat,, i loe you too, and the animals r loved 
too.:->}  40.Kd2 {i love you}  Rh1 {i love u 2!}  
41.Rc6+ {i love you more my baby}  Bxc6 42.Kc3 {i 
love you sweetheart...:o)}  Rxh2 43.Kb4 Rxb2 
44.Ka5 1/2-1/2

[Event "HCL-C157"]
[Site "www.playchess.de"]
[Date "2001.03.18"]
[Round "4"]
[White "sonnygarcia"]
[Black "Smutje"]
[WhiteElo "1087"]
[BlackElo "763"]
[PlyCount "73"]
[Result "1-0"]

1.e4 e5 {hi :-)}  2.Nf3 {hello}  Nf6 3.d4 exd4 
4.e5 Ne4 {hi}  5.Qxd4 f5 6.Bd3 c6 7.Bxe4 {hello!}  
fxe4 8.Qxe4 Qa5+ 9.Bd2 Qb6 10.Bc3 d5 11.Qe2 Nd7 
12.O-O Nc5 13.Bd4 Qc7 14.Re1 Ne4 15.Nbd2 Bf5 
16.Nh4 Be6 17.Nxe4 dxe4 18.Qxe4 Be7 19.Nf3 Rd8 
20.Ng5 Bxg5 21.Bxa7 Qf7 22.Bb6 Rd2 23.Rad1 Qxf2+ 
24.Bxf2 {??}  Rd7 25.Rxd7 Kxd7 26.Rd1+ Ke7 27.Bc5+ 
Kf7 28.Rf1+ Ke8 29.a4 Kd7 30.b4 Rd8 31.Rd1+ Kc7 
32.Rxd8 Bxd8 33.Bd6+ Kb6 34.Qd4+ Ka6 35.a5 g5 
36.Be7 Bxe7 37.Qb6+ 1-0

[Event "HCL-C157"]
[Site "www.playchess.de"]
[Date "2001.03.18"]
[Round "6"]
[White "kooldown"]
[Black "Smutje"]
[WhiteElo "1232"]
[BlackElo "763"]
[PlyCount "45"]
[Result "1-0"]

1.d4 d5 2.c4 dxc4 3.Nc3 Nc6 4.e3 Nf6 5.Bxc4 e6 
6.Nf3 a6 7.O-O b5 8.Bd3 Nb4 9.e4 Nxd3 10.Qxd3 b4 
11.Ne2 Bb7 12.e5 Ng4 13.h3 Nh6 14.Bxh6 gxh6 
15.Rac1 Rg8 16.Rc2 f5 17.Nd2 Rxg2+ 18.Kh1 Qd5 
19.f3 Rg5 20.Rxc7 Rh5 21.Nf4 Qb5 22.Qxb5+ Kd8 
23.Qd7+ 1-0

[Event "HCL-A068"]
[Site "www.playchess.de"]
[Date "2001.03.18"]
[Round "23"]
[White "mrchess"]
[Black "raghavendrakarthik"]
[WhiteElo "1582"]
[BlackElo "1585"]
[PlyCount "21"]
[Result "1-0"]

1.d4 Nf6 2.c4 g6 3.Nc3 Bg7 4.Nf3 d6 5.e4 O-O 6.Be2 
Bg4 7.h3 Bd7 8.Be3 Re8 9.O-O c6 10.Re1 b6 
11.Qc2 1-0

[Event "ACL-A084"]
[Site "www.playchess.de"]
[Date "2001.03.18"]
[Round "20"]
[White "Edik"]
[Black "Hefley"]
[WhiteElo "1501"]
[BlackElo "1500"]
[PlyCount "37"]
[Result "1-0"]

1.d4 c5 2.dxc5 e5 3.Nf3 Bxc5 4.Nxe5 Qa5+ 5.Qd2 
Bxf2+ 6.Kxf2 Qxe5 7.Qe3 Nc6 8.Na3 Nf6 9.Qxe5+ Nxe5 
10.Bf4 Nc6 11.Nb5 Nd5 12.Nd6+ Ke7 13.Bg3 h5 
14.Nf5+ Kf6 15.e4 Nde7 16.Nxe7 Nxe7 17.Rd1 h4 
18.Rd6+ Kg5 19.Be5 1-0

[Event "HCL-C160"]
[Site "www.playchess.de"]
[Date "2001.03.18"]
[Round "6"]
[White "arsenic"]
[Black "guerino"]
[WhiteElo "1248"]
[BlackElo "1067"]
[PlyCount "47"]
[Result "1-0"]

1.e4 c5 2.c3 Nf6 3.e5 Nd5 4.Nf3 Nc6 5.Bc4 Nb6 
6.Bb3 e6 7.O-O d6 8.exd6 Bxd6 9.d4 cxd4 10.Nxd4 
Nxd4 11.Qxd4 O-O 12.Rd1 Nd7 13.Qxd6 b6 14.Ba4 Re8 
15.Bxd7 Bxd7 16.Qxd7 Qxd7 17.Rxd7 Red8 18.Rxd8+ 
Rxd8 19.Nd2 Kf8 20.g3 Ke7 21.Nb3 Rd1+ 22.Kg2 Kd6 
23.Bf4+ e5 24.Rxd1+ 1-0

[Event "HCL-C160"]
[Site "www.playchess.de"]
[Date "2001.03.18"]
[Round "10"]
[White "guerino"]
[Black "soymilk"]
[WhiteElo "1067"]
[BlackElo "1201"]
[PlyCount "43"]
[Result "1-0"]

1.e4 d5 2.exd5 Nf6 3.Bb5+ Bd7 4.Bc4 b5 5.Bb3 a5 
6.a3 Bg4 7.f3 Bc8 8.Nc3 Ba6 9.d3 g6 10.Nge2 Qd7 
11.O-O a4 12.Ba2 Bg7 13.Bg5 Bb7 14.Nd4 Nxd5 
15.Ndxb5 Nxc3 16.Nxc3 Bxc3 17.bxc3 Qd6 18.Bh6 Qc5+ 
19.Kh1 Qxc3 20.Qe2 Qxa3 21.Bxf7+ Kxf7 
22.Rxa3 1-0

[Event "HCL-B153"]
[Site "www.playchess.de"]
[Date "2001.03.18"]
[Round "15"]
[White "sarek"]
[Black "Jeff_Foster"]
[WhiteElo "1086"]
[BlackElo "1328"]
[PlyCount "55"]
[Result "1-0"]

1.e4 d6 2.d4 Nf6 3.Nc3 g6 4.Bg5 Bg7 5.f4 O-O 6.Qd2 
c6 7.O-O-O Nbd7 8.Bc4 h6 9.Bh4 d5 10.Bd3 dxe4 
11.Nxe4 Nxe4 12.Bxe4 Nf6 13.Bxf6 Bxf6 14.Nf3 Bg4 
15.h4 Bg7 16.Rdf1 Bxf3 17.Rxf3 f5 18.Bd3 Qxd4 
19.c3 Qa4 20.Kb1 Rfd8 21.h5 Rd6 22.Qe3 e6 23.Bc2 
Qb5 24.hxg6 a5 25.Bb3 Re8 26.Rfh3 a4 27.Bc2 Bxc3 
28.Qxc3 1-0

[Event "HCL-X005"]
[Site "www.playchess.de"]
[Date "2001.03.18"]
[Round "6"]
[White "Berniepawn"]
[Black "Tibensky"]
[WhiteElo "2400"]
[BlackElo "2400"]
[PlyCount "20"]
[Result "0-1"]

1.d4 {good luck!}  Nf6 2.c4 c5 3.e3 g6 4.Nc3 {Hi i 
am pleased to play with a really IM}  Bg7 5.Nf3 
O-O 6.Be2 d5 7.dxc5 Qa5 8.O-O dxc4 9.Qd4 Na6 
10.Qxc4 Qxc5 0-1